000 00940nam a2200301Ia 4500
003 OSt
005 20221007125624.0
006 a|||||r|||| 00| 0
007 ta
008 221006b |||||||| |||| 00| 0 eng d
020 _a8178087014 (pbk)
_cRs.350.00
024 _a16271
037 _b125, Dhanraj Book House
_cAnnuals, Advances
040 _aCDL
_cCDL
_beng
041 _2eng
_aeng
082 _aE5, M9;N2;7 Carc
100 _aMorrison Robert Thornton
245 0 _aOrganic chemistry
_b Boyd Robert Neilson
250 _a6
260 _aDelhi
_bPearson Education,Inc.
_c1992
300 _axxii, 1325p.
_ccm.
500 _aIndex 1279-1325p.
650 _a Organic chemistry
650 _aChemistry
700 _a Boyd Robert Neilson
942 _hE5, M9;N2;7 Carc
_cREF
_2CC
999 _c1215606
_d1215606